[Event "Sharjah Cup (Women) 12th"]
[Site "Sharjah"]
[Date "2022.12.13"]
[Round "6"]
[White "Abdulkarim, Ali"]
[Black "Alia, Khaled"]
[Result "1-0"]
[WhiteElo "1973"]
[BlackElo "1635"]
[PlyCount "71"]
[EventDate "2022.12.09"]
[EventType "swiss"]
[EventRounds "9"]
[EventCountry "UAE"]
[SourceTitle "CBM 211 Extra"]
[Source "ChessBase"]
[SourceDate "2023.01.31"]
[SourceVersion "1"]
[SourceVersionDate "2023.01.31"]
[SourceQuality "1"]

1. d4 d5 2. Nc3 Be6 3. Bf4 a6 4. Nf3 f6 5. h3 g5 6. Bh2 Bf5 7. e3 e6 8. a3 h5 9. Bd3 Bxd3 10. Qxd3 g4 11. hxg4 hxg4 12. Qg6+ Ke7 13. Qxg4 Nh6 14. Qh3 Kd7 15. 0-0-0 Kc8 16. Qxe6+ Nd7 17. Nxd5 Kb8 18. Bxc7+ Qxc7 19. Nxc7 Kxc7 20. Rd3 Re8 21. Qxe8 Bg7 22. Qe7 Nf5 23. Rc3+ Kb6 24. Rxh8 Nxe7 25. Rh7 Nf5 26. e4 Nd6 27. Rxg7 Nb8 28. e5 Ne4 29. Rb3+ Ka7 30. e6 Nc6 31. e7 Nd6 32. Rxb7+ Nxb7 33. e8Q Kb6 34. d5 Ncd8 35. Qe3+ Nc5 36. b4 1-0

[Event "UAE-ch"]
[Site "Dubai"]
[Date "2016.10.01"]
[Round "4"]
[White "Abdulkarim, Ali"]
[Black "Saeed, Ishaq"]
[Result "0-1"]
[WhiteElo "1978"]
[BlackElo "2310"]
[PlyCount "88"]
[EventDate "2016.09.23"]
[EventType "swiss"]
[EventRounds "7"]
[EventCountry "UAE"]
[SourceTitle "EXT 2017"]
[Source "ChessBase"]
[SourceDate "2016.10.25"]
[SourceVersion "1"]
[SourceVersionDate "2016.10.25"]
[SourceQuality "1"]

1. c4 Nf6 2. Nc3 g6 3. Nf3 Bg7 4. g3 0-0 5. Bg2 d6 6. d4 Nbd7 7. 0-0 c6 8. Qc2 Qc7 9. Rd1 Rb8 10. Bf4 Nh5 11. Bg5 Re8 12. Be3 b6 13. Rac1 Nf8 14. Ne1 Bd7 15. d5 c5 16. Nd3 a6 17. Ne4 b5 18. Bf3 Nf6 19. cxb5 Nxe4 20. Bxe4 axb5 21. h4 Qa5 22. a3 Rec8 23. Bd2 Qa4 24. Qxa4 bxa4 25. Bc3 Rb3 26. Bxg7 Kxg7 27. Rd2 Rcb8 28. Bg2 Bb5 29. Rcc2 Ba6 30. Nc1 R3b6 31. g4 Nd7 32. f4 Nf6 33. Bf3 Bc8 34. g5 Ne8 35. Kf2 Nc7 36. h5 gxh5 37. Bxh5 Bf5 38. Rc4 Rxb2 39. Rxb2 Rxb2 40. Bf3 Rc2 41. Rxa4 Rxc1 42. e4 Bc8 43. Ra7 Nb5 44. Rxe7 Kf8 0-1

[Event "Sharjah op"]
[Site "Sharjah"]
[Date "2014.11.23"]
[Round "9"]
[White "Abdulkarim, Ali"]
[Black "Ayyad, Maher"]
[Result "1/2-1/2"]
[WhiteElo "1943"]
[BlackElo "2138"]
[PlyCount "32"]
[EventDate "2014.11.15"]
[EventType "swiss"]
[EventRounds "9"]
[EventCountry "UAE"]
[SourceTitle "CBM 163 Extra"]
[Source "ChessBase"]
[SourceDate "2014.12.23"]
[SourceVersion "1"]
[SourceVersionDate "2014.12.23"]
[SourceQuality "1"]

1. d4 d5 2. c4 c6 3. Nc3 Nf6 4. cxd5 cxd5 5. Bf4 Nc6 6. Rc1 g6 7. e3 a6 8. Bd3 Bg7 9. h3 0-0 10. Nf3 h6 11. Ne5 Nb8 12. Qc2 Nc6 13. Qd1 Nb8 14. Qc2 Nc6 15. Qd1 Nb8 16. Qc2 Nc6 1/2-1/2

[Event "Sharjah op rapid"]
[Site "Sharjah"]
[Date "2014.07.07"]
[Round "5"]
[White "Fareed, Sultan"]
[Black "Abdulkarim, Ali"]
[Result "0-1"]
[WhiteElo "1506"]
[BlackElo "1971"]
[PlyCount "107"]
[EventDate "2014.07.05"]
[EventType "swiss (rapid)"]
[EventRounds "9"]
[EventCountry "UAE"]
[SourceTitle "CBM 161 Extra"]
[Source "ChessBase"]
[SourceDate "2014.08.29"]
[SourceVersion "1"]
[SourceVersionDate "2014.08.29"]
[SourceQuality "1"]

1. e4 e6 2. d4 c5 3. d5 exd5 4. exd5 Bd6 5. Nf3 Ne7 6. c4 0-0 7. Bd3 Ng6 8. 0-0 Bf4 9. Nc3 d6 10. Re1 Bxc1 11. Qxc1 Bg4 12. Qe3 Nd7 13. h3 Bxf3 14. Qxf3 Nde5 15. Qe3 Nxd3 16. Qxd3 Re8 17. Rxe8+ Qxe8 18. Nb5 Qe5 19. Qd2 a6 20. Re1 Qf6 21. Nc3 Ne5 22. b3 Qg6 23. Qe2 Re8 24. Kh1 Qf5 25. Qe3 Rd8 26. Ne4 Ng6 27. Ng3 Qf6 28. Ne4 Qe5 29. Ng3 Kf8 30. Qxe5 Nxe5 31. Kg1 g6 32. Kf1 Nd3 33. Re2 Re8 34. Rxe8+ Kxe8 35. Ne4 Ke7 36. Nc3 Kf6 37. Ke2 Nf4+ 38. Kf3 Ke5 39. h4 Nd3 40. Ke3 Nf4 41. g3 Nh5 42. Ne4 h6 43. Nd2 f5 44. Nf3+ Kf6 45. Nd2 g5 46. Nf3 f4+ 47. gxf4 Nxf4 48. hxg5+ hxg5 49. Nd2 Ke5 50. Nf3+ Kf5 51. Ne1 Ng6 52. f3 Ne5 53. Ng2 Ng6 54. Ne1 0-1

[Event "Asian Continental op 13th"]
[Site "Sharjah"]
[Date "2014.04.25"]
[Round "9"]
[White "Abdulkarim, Ali"]
[Black "Kuybokarov, Temur"]
[Result "0-1"]
[WhiteElo "1927"]
[BlackElo "2194"]
[PlyCount "54"]
[EventDate "2014.04.17"]
[EventType "swiss"]
[EventRounds "9"]
[EventCountry "UAE"]
[SourceTitle "CBM 160"]
[Source "ChessBase"]
[SourceDate "2014.05.15"]
[SourceVersion "1"]
[SourceVersionDate "2014.05.15"]
[SourceQuality "1"]

1. d4 d5 2. c4 dxc4 3. e4 Nf6 4. e5 Nd5 5. Bxc4 Nb6 6. Bd3 Nc6 7. Ne2 Bg4 8. Be3 e6 9. Nbc3 Be7 10. 0-0 0-0 11. Qb1 g6 12. f3 Bf5 13. Bh6 Re8 14. g4 Bxd3 15. Qxd3 Nxe5 16. Qe4 Nc6 17. f4 Nc4 18. Qd3 Nd6 19. d5 exd5 20. Nxd5 Ne4 21. Kg2 Bc5 22. Rac1 Nb4 23. Nxb4 Bxb4 24. Qxd8 Raxd8 25. Rxc7 Rd2 26. Kf3 Nf6 27. Nc1 Nd5 0-1

[Event "Al Ain op 2nd"]
[Site "Al Ain"]
[Date "2013.12.24"]
[Round "6"]
[White "Kazimova, Narmin Nizami Qizi"]
[Black "Abdulkarim, Ali"]
[Result "1-0"]
[WhiteElo "2238"]
[BlackElo "1944"]
[PlyCount "59"]
[EventDate "2013.12.19"]
[EventType "swiss"]
[EventRounds "9"]
[EventCountry "UAE"]
[SourceTitle "CBM 158 Extra"]
[Source "ChessBase"]
[SourceDate "2014.02.28"]
[SourceVersion "1"]
[SourceVersionDate "2014.02.28"]
[SourceQuality "1"]

1. Nf3 Nf6 2. c4 e6 3. Nc3 d5 4. d4 Bb4 5. Qa4+ Nc6 6. e3 0-0 7. Bd3 dxc4 8. Bxc4 a6 9. 0-0 Qe7 10. Be2 Bxc3 11. bxc3 e5 12. Ba3 Qe8 13. dxe5 Nxe5 14. Qc2 Ng6 15. Bxf8 Qxf8 16. Rab1 Qc5 17. Rfc1 Bf5 18. Bd3 Bg4 19. Be4 Re8 20. Rb4 Rxe4 21. Rxe4 Bf5 22. Nd2 Qc6 23. f3 Ne5 24. Qd1 Nxe4 25. Nxe4 h6 26. Qd4 Bxe4 27. Qxe4 Qc5 28. h3 b6 29. Rd1 g6 30. Rd5 1-0

[Event "Al Ain op 2nd"]
[Site "Al Ain"]
[Date "2013.12.23"]
[Round "5"]
[White "Abdulkarim, Ali"]
[Black "Chelushkina, Irina"]
[Result "0-1"]
[WhiteElo "1944"]
[BlackElo "2276"]
[PlyCount "44"]
[EventDate "2013.12.19"]
[EventType "swiss"]
[EventRounds "9"]
[EventCountry "UAE"]
[SourceTitle "CBM 158 Extra"]
[Source "ChessBase"]
[SourceDate "2014.02.28"]
[SourceVersion "1"]
[SourceVersionDate "2014.02.28"]
[SourceQuality "1"]

1. d4 Nf6 2. c4 g6 3. Nc3 Bg7 4. e4 d6 5. h3 0-0 6. Nf3 Nc6 7. Be3 e5 8. d5 Ne7 9. Qd2 Ne8 10. g4 c6 11. Bh6 cxd5 12. cxd5 f6 13. Be2 Bd7 14. 0-0-0 b5 15. Bxb5 Bxb5 16. Nxb5 Bxh6 17. Qxh6 Qb6 18. Nc3 Qxf2 19. Rdf1 Qb6 20. h4 Ng7 21. h5 g5 22. Nxg5 Qe3+ 0-1

[Event "UAE President Cup"]
[Site "Abu Dhabi"]
[Date "2012.06.30"]
[Round "4"]
[White "Abdulkarim, Ali"]
[Black "Al Huwar, Jasem"]
[Result "0-1"]
[WhiteElo "1964"]
[BlackElo "2270"]
[PlyCount "72"]
[EventDate "2012.06.28"]
[EventType "swiss"]
[EventRounds "9"]
[EventCountry "UAE"]
[SourceTitle "CBM 149 Extra"]
[Source "ChessBase"]
[SourceDate "2012.08.24"]
[SourceVersion "1"]
[SourceVersionDate "2012.08.24"]
[SourceQuality "1"]

1. d4 Nf6 2. c4 g6 3. Nc3 d5 4. cxd5 Nxd5 5. e4 Nb6 6. Bb5+ c6 7. Be2 Bg7 8. Nf3 0-0 9. 0-0 Qc7 10. Be3 Rd8 11. Qd2 Bg4 12. Rfd1 Bxf3 13. Bxf3 Nc4 14. Qe2 Nxe3 15. Qxe3 Qb6 16. e5 Na6 17. Rac1 Nc7 18. b3 a5 19. h4 h5 20. g4 hxg4 21. Bxg4 Nd5 22. Nxd5 Rxd5 23. Bf3 Rd7 24. h5 gxh5 25. Rc5 e6 26. Kh2 Qd8 27. Kh3 f6 28. Rg1 Kf8 29. Bxh5 Rxd4 30. exf6 Qxf6 31. Rg3 Ke7 32. Kg2 Bh6 33. Qe2 Rd2 34. Qe1 Rf8 35. Rf3 Qg7+ 36. Rg3 Rfxf2+ 0-1

[Event "Asia Cities-ch 17th"]
[Site "Jakarta"]
[Date "2011.04.22"]
[Round "1.5"]
[White "Lioe, Dede"]
[Black "Abdulkarim, Ali"]
[Result "1-0"]
[WhiteElo "2418"]
[BlackElo "1898"]
[PlyCount "46"]
[EventDate "2011.04.22"]
[EventType "team-swiss"]
[EventRounds "9"]
[EventCountry "INA"]
[SourceTitle "CBM 142 Extra"]
[Source "ChessBase"]
[SourceDate "2011.06.27"]
[SourceVersion "1"]
[SourceVersionDate "2011.06.27"]
[SourceQuality "1"]
[WhiteTeam "Jakarta"]
[BlackTeam "Sharjah"]
[WhiteTeamCountry "INA"]
[BlackTeamCountry "UAE"]

1. c4 c5 2. Nf3 Nc6 3. d4 cxd4 4. Nxd4 d5 5. Nxc6 bxc6 6. e3 e6 7. Be2 Bd6 8. 0-0 Nf6 9. Nc3 h5 10. h3 Bc7 11. f4 g5 12. fxg5 Ng4 13. Bxg4 Qd6 14. Bf3 Ba6 15. b3 0-0-0 16. Qc2 dxc4 17. Ne4 Qh2+ 18. Kf2 cxb3 19. Qxc6 Bb7 20. Nd6+ Rxd6 21. Qxb7+ Kd7 22. Qb5+ Kd8 23. axb3 e5 1-0

[Event "Arab Cities-chT"]
[Site "Cairo"]
[Date "2009.10.26"]
[Round "2"]
[White "Abdulkarim, Ali"]
[Black "Abdel Razik, Khaled"]
[Result "1-0"]
[WhiteElo "1889"]
[BlackElo "2470"]
[PlyCount "81"]
[EventDate "2009.10.25"]
[EventType "team-tourn"]
[EventRounds "9"]
[EventCountry "EGY"]
[SourceTitle "EXT 2010"]
[Source "ChessBase"]
[SourceDate "2010.11.25"]
[SourceVersion "1"]
[SourceVersionDate "2010.11.25"]
[SourceQuality "1"]
[WhiteTeam "Sharjah"]
[BlackTeam "Gizza"]
[WhiteTeamCountry "UAE"]
[BlackTeamCountry "EGY"]

1. d4 Nf6 2. c4 e6 3. Nf3 d5 4. cxd5 exd5 5. Nc3 c6 6. Qc2 Be6 7. Bg5 Nbd7 8. e3 Be7 9. Bd3 Nh5 10. Bxe7 Qxe7 11. h3 g6 12. 0-0-0 f5 13. Kb1 Nhf6 14. Ne5 Nxe5 15. dxe5 Ne4 16. f4 Qh4 17. Qb3 Nc5 18. Qb4 Qe7 19. Na4 Nxd3 20. Qxe7+ Kxe7 21. Rxd3 g5 22. Rc1 gxf4 23. exf4 Rhg8 24. Rc2 Bd7 25. Nc5 Bc8 26. b4 Rg6 27. Nb3 Bd7 28. Re3 Rag8 29. Nd4 Rf8 30. e6 Bxe6 31. Rce2 Rff6 32. g4 Kd6 33. g5 Bd7 34. gxf6 Rxf6 35. Re7 a5 36. Rxh7 axb4 37. Ree7 Bc8 38. Re8 Kc5 39. Nb3+ Kc4 40. Rxc8 Rg6 41. Rxb7 1-0

[Event "UAE President's Cup"]
[Site "Al Ain"]
[Date "2008.08.26"]
[Round "5"]
[White "Saleh, Nora Mohd"]
[Black "Abdulkarim, Ali"]
[Result "1-0"]
[WhiteElo "1859"]
[BlackElo "1906"]
[PlyCount "107"]
[EventDate "2008.08.23"]
[EventType "swiss"]
[EventRounds "9"]
[EventCountry "UAE"]
[SourceTitle "CBM 126 Extra"]
[Source "ChessBase"]
[SourceDate "2008.11.05"]
[SourceVersion "1"]
[SourceVersionDate "2008.11.05"]
[SourceQuality "1"]

1. d4 d5 2. e3 c5 3. c3 e6 4. Bd3 Nc6 5. Nd2 Nf6 6. Ngf3 Bd6 7. 0-0 e5 8. dxe5 Nxe5 9. Nxe5 Bxe5 10. Nf3 Bc7 11. h3 0-0 12. c4 b6 13. cxd5 Qxd5 14. Qe2 Bb7 15. Rd1 Qh5 16. b3 Bxf3 17. Qxf3 Qe5 18. Rb1 Rad8 19. Bb2 Qh2+ 20. Kf1 Rxd3 21. Ke2 Rxd1 22. Rxd1 Rd8 23. Rxd8+ Bxd8 24. Bxf6 gxf6 25. Qg4+ Kf8 26. g3 Qh1 27. Qd7 Qa8 28. Qf5 Kg7 29. Qg4+ Kh8 30. Qd7 Kg8 31. Qg4+ Kf8 32. Qf5 Qb8 33. Qxh7 Qe5 34. Qd3 Be7 35. Qh7 Bd6 36. Qd3 Ke7 37. h4 f5 38. Kf3 Qe4+ 39. Qxe4+ fxe4+ 40. Kxe4 Ke6 41. g4 Be5 42. f4 Bc3 43. f5+ Kf6 44. Kd5 Be1 45. h5 Kg5 46. Kc4 Kxg4 47. h6 Bh4 48. e4 Bf6 49. Kd5 Kg5 50. e5 Bh8 51. e6 fxe6+ 52. fxe6 Kg6 53. a4 Kxh6 54. e7 1-0